Cultivated palms of the world
Uloženo v:
| Hlavní autor: | |
|---|---|
| Médium: | Kniha |
| Jazyk: | Undetermined |
| Vydáno: |
Singapore
Periplus
2001
|
| Témata: | |
| Tagy: |
Přidat tag
Žádné tagy, Buďte první, kdo otaguje tento záznam!
|
| Thư viện lưu trữ: | Trung tâm Học liệu Trường Đại học Cần Thơ |
|---|
| LEADER | 00472nam a2200181Ia 4500 | ||
|---|---|---|---|
| 001 | CTU_54745 | ||
| 008 | 210402s9999 xx 000 0 und d | ||
| 020 | |b 608000 | ||
| 082 | |a 635.977'45 | ||
| 082 | |b D674 | ||
| 100 | |a Don | ||
| 245 | 0 | |a Cultivated palms of the world | |
| 245 | 0 | |c Don and Anthony Ellison | |
| 260 | |a Singapore | ||
| 260 | |b Periplus | ||
| 260 | |c 2001 | ||
| 650 | |a palms,ornamental trees | ||
| 980 | |a Trung tâm Học liệu Trường Đại học Cần Thơ | ||